Online
Catalog

El acusador público / (Record no. 41790)

MARC details
000 -CABECERA
campo de control de longitud fija 00787nam a2200229 a 4500
001 - NÚMERO DE CONTROL
campo de control 000042301
005 - FECHA Y HORA DE LA ÚLTIMA TRANSACCIÓN
campo de control 20201002040050.0
008 - DATOS DE LONGITUD FIJA--INFORMACIÓN GENERAL
campo de control de longitud fija 131122s1957 ag 000 d spa d
040 ## - FUENTE DE LA CATALOGACIÓN
Centro catalogador/agencia de origen DO-SdBNP
Lengua de catalogación spa
Centro/agencia transcriptor BNPHU
041 17 - CÓDIGO DE LENGUA
Código de lengua del texto/banda sonora o título independiente spa
Código de lengua original ger
082 ## - NÚMERO DE LA CLASIFICACIÓN DECIMAL DEWEY
Número de clasificación xxxx
Número de documento/Ítem H685a
100 1# - ENTRADA PRINCIPAL--NOMBRE DE PERSONA
Nombre de persona Hochwaälder, Fritz
9 (RLIN) 69352
245 13 - MENCIÓN DE TÍTULO
Título El acusador público /
Mención de responsabilidad, etc. Fritz Hochwalder ; traducción de Kurt Pahlen.
260 ## - PUBLICACIÓN, DISTRIBUCIÓN, ETC.
Lugar de publicación, distribución, etc. Buenos Aires :
Nombre del editor, distribuidor, etc. Ediciones del Carro de Tespis,
Fecha de publicación, distribución, etc. 1957.
300 ## - DESCRIPCIÓN FÍSICA
Extensión 78 p. ;
Dimensiones 19 cm.
490 1# - MENCIÓN DE SERIE
Mención de serie Ediciones del carro de Tespis
490 1# - MENCIÓN DE SERIE
Mención de serie Selección teatral
Designación de volumen o secuencia 25
534 ## - NOTA SOBRE LA VERSIÓN ORIGINAL
Encabezamiento principal del original Título original.
Mención de título del original Der uffentliche anklager.
590 ## - NOTA LOCAL (RLIN)
Nota local Inventariado, 2019 /LP
700 1# - PUNTO DE ACCESO ADICIONAL--NOMBRE DE PERSONA
Nombre de persona Pahlen, Kurt,
Término indicativo de función/relación tr.
9 (RLIN) 69353
830 #0 - PUNTO DE ACCESO ADICIONAL DE SERIE-TÍTULO UNIFORME
Título uniforme Ediciones del Carro de Tespis
Nombre de parte o sección de la obra Selección teatral ;
Número de parte o sección de la obra 25
9 (RLIN) 69354
Holdings
Estado de retiro Estado de pérdida Restricciones de uso No para préstamo Código de colección Localización permanente Ubicación/localización actual Ubicación en estantería Fecha de adquisición Número de inventario Total de préstamos Signatura topográfica completa Código de barras Fecha visto por última vez Precio válido a partir de Tipo de ítem Koha
      Excluido de préstamo Raros y valiosos General General Depósito 22.11.2013 LF1   xxxx H685a 42301-10 25.06.2020 25.06.2020 No se presta

Powered by Koha